Inazuma Eleven - membres de l'Alius Academy - Statistiques

Statistiques générales
  • Ce quiz a été pris 270 fois
  • Le résultat moyen est 24 sur 55
Statistiques - réponses
Equipe Joueur/Joueuse % Correct
Tempête des Gémeaux Janus
98%
Genesis Xene
96%
Prominence Torch
95%
Epsilon Dvalin
93%
Genesis Bellatrix
92%
Diamond Dust Fox
83%
Genesis Nero
83%
Epsilon Zell
71%
Epsilon Mercury
66%
Genesis Wittz
66%
Prominence Neppten
64%
Tempête des Gémeaux Diam
54%
Epsilon Metron
54%
Prominence Bomber
52%
Tempête des Gémeaux Galileo
52%
Prominence Heat
50%
Diamond Dust Gocker
46%
Diamond Dust Icer
46%
Diamond Dust Rhine
46%
Diamond Dust Beluga
45%
Genesis Ark
44%
Tempête des Gémeaux Pandora
44%
Prominence Grent
43%
Genesis Zohen
43%
Diamond Dust Clear
41%
Tempête des Gémeaux Io
40%
Tempête des Gémeaux Rihm
40%
Tempête des Gémeaux Ganymede
37%
Diamond Dust Droll
36%
Genesis Kiwill
36%
Prominence Baller
35%
Genesis Kiburn
35%
Epsilon Krypto
34%
Diamond Dust Frost
33%
Epsilon Fedora
32%
Genesis Gele
32%
Diamond Dust Arkew
31%
Genesis Kormer
31%
Tempête des Gémeaux Grengo
29%
Prominence Lean
29%
Epsilon Mole
26%
Genesis Hauser
25%
Tempête des Gémeaux Charon
24%
Tempête des Gémeaux Gigs
23%
Prominence Sidern
23%
Epsilon Sworm
23%
Tempête des Gémeaux Coral
21%
Epsilon Kenville
21%
Epsilon Tytan
21%
Diamond Dust Balen
19%
Prominence Bountine
18%
Diamond Dust Blown
17%
Epsilon Kayson
17%
Prominence Balcke
16%
Prominence Seats
14%
Aucun quiz correspondant
Distribution des résultats
% des personnes avec chaque résultat
Percentile par nombre de réponses
Votre historique - résultats
Vous n’avez pas pris ce quiz